000 00959 a2200301 4500
001 200423429
999 _c200423429
_d39598
003 TR-AnTOB
005 20190408221530.0
008 151218e2015 tu 000 1
020 _a9786059974127
040 _aTR-AnTOB
_beng
_erda
041 _atur
050 0 _aDS51.S25
_bP36 2015
090 _aDS51.S25 P36 2015
245 0 0 _aBir zamanlar Pamukova :
_b1940-1960 /
_cHande Yaman, Nihal Uysal Zan, Serdar Gürsoy, Zeki Ayözen.
264 1 _aSakarya :
_bPamukova Kaymakamlığı yayınları,
_c2015
300 _a202 pages :
_billustrations ;
_c20 cm.
336 _atext
_2rdacontent
337 _aunmediated
_2rdamedia
338 _avolume
_2rdacarrier
651 0 _aPamukova (Sakarya, Turkey)
_xSocial conditions
_9110918
651 0 _aPamukova (Sakarya, Turkey)
_xHistory
_9110919
700 1 _aAyözen, Zeki
_9110915
700 1 _aGürsoy, Serdar
_9110916
700 1 _aZan, Nihal Uysal
_9110917
942 _cBK